|
|
|
|
| LEADER |
00000nab a2200000 a 4500 |
| 001 |
vtls000625609 |
| 003 |
SK-MaSNL |
| 005 |
20260304085107.0 |
| 008 |
250425c1996 xo 0 slo |
| 015 |
|
|
|a SNBRB19rr/mm-uuuuu
|
| 035 |
|
|
|a CL0625748
|
| 035 |
|
|
|a urn:nbn:sk:snk-abd32d
|
| 035 |
|
|
|a (urnnbn)urn:nbn:sk:snk:ar-004q6h
|
| 035 |
|
|
|a (uuid)dddcaccb-d11a-4596-bde1-7a195583b0d1
|
| 040 |
|
|
|a SNKBUCL
|b slo
|c SNKBUCL
|e AACR2
|
| 041 |
0 |
|
|a slo
|
| 044 |
|
|
|a xo
|c SK
|
| 080 |
|
|
|a 669.15-177:620.18:539.4
|2 1981
|
| 080 |
|
|
|a 620.18
|2 1981
|
| 080 |
|
|
|a 539.4
|2 1981
|
| 100 |
1 |
|
|a Micheľ, Ján,
|d 1938-
|4 aut
|9 114520
|
| 245 |
1 |
0 |
|a Vplyv rýchlosti deformácie na mechanické vlastnosti ocelí
|c J. Micheľ, M. Buršák
|
| 300 |
|
|
|b Obr. 11, tab. 4, lit. 6 zázn. v češ., slov.
|
| 650 |
0 |
7 |
|a ocele uhlíkové
|2 snkbucl
|9 951179
|
| 650 |
0 |
7 |
|a spevnenie deformačné
|2 snkbucl
|9 1378169
|
| 655 |
|
7 |
|a články z novín a časopisov
|2 snkbucl
|9 267496
|
| 700 |
1 |
|
|a Buršák, Marián,
|d 1949-
|4 aut
|9 196062
|
| 773 |
0 |
|
|t Acta metallurgica slovaca
|g Roč. 2, č. mimoriadne (1996), s. 145-151
|x 1335-1532
|
| 850 |
|
|
|a Slovenská národná knižnica
|
| 852 |
|
|
|a Slovenská národná knižnica
|
| 954 |
|
|
|a odborná, vedecká literatúra pôvodná (slovenská)
|2 lita
|
| 958 |
|
|
|a article17
|
| 958 |
|
|
|a NB
|
| 958 |
|
|
|a RK
|
| 958 |
|
|
|a OND
|
| 958 |
|
|
|a EUIPO
|
| 992 |
|
|
|a RBX
|
| 999 |
|
|
|c 2806485
|d 2808415
|